Carlo Magno G.p baker
Guardat en:
| Autor principal: | |
|---|---|
| Format: | Llibre |
| Idioma: | idioma desconegut |
| Publicat: |
Edizione Corbaccio
|
| Etiquetes: |
Sense etiquetes, Sigues el primer a etiquetar aquest registre!
|
MARC
| LEADER | 00000nam a2200000Ia 4500 | ||
|---|---|---|---|
| 001 | R-284 | ||
| 003 | CODICE-MESSINA | ||
| 005 | 20260212102449.0 | ||
| 008 | 260211s9999 xx 000 0 und d | ||
| 040 | |c importazione_messina | ||
| 100 | |a G.P. Baker | ||
| 245 | 0 | |a Carlo Magno | |
| 245 | 0 | |b G.p baker | |
| 260 | |b Edizione Corbaccio | ||
| 942 | |2 ddc |c BK | ||
| 952 | |0 0 |1 0 |2 ddc |4 0 |6 SCAFFALE_4_000000000000000__LETTERATURA |7 0 |9 31106 |a ME |b ME |d 2026-02-11 |l 0 |o SCAFFALE 4 - LETTERATURA |p R-284 |r 2026-02-11 23:52:20 |w 2026-02-11 |x [REVISIONARE] |y BK | ||
| 999 | |c 26768 |d 26768 | ||